000 00312nam a22001337a 4500
008 180124b xxu||||| |||| 00| 0 eng d
020 _a9780805349160
041 _aeng
080 _a611
100 _a6
101 _aANA
245 _aHuman anatomy& physiology laboratory manual
_cMarieb,E.N
942 _2udc
_cBK
999 _c40808
_d40808